| 000 | 00878nam a22002657a 4500 | ||
|---|---|---|---|
| 999 |
_c14163 _d14163 |
||
| 003 | AR-CdUCM | ||
| 008 | 190411b ||||| |||| 00| 0 spa d | ||
| 040 |
_aMUNICIPALIDAD PROVINCIAL DEL CUSCO _cBIBLIOTECA MUNICIPAL DEL CUSCO |
||
| 082 |
_aES / 373.869 / _bC92 |
||
| 100 |
_aCruz Ccorimanya, Nicanor _932836 |
||
| 110 |
_aInstituto Nacional de Cultura _99 |
||
| 245 |
_aAntología de cuentos en quechua : _bCuento / |
||
| 260 |
_aCusco : _bInstituto nacional de cultura, _c2006. |
||
| 300 |
_a84 paginas ; _bIlustraciones, _c21 cm. |
||
| 500 | _aCuentos cusqueños | ||
| 650 |
_aCuentos _9312 |
||
| 650 |
_aHistoria _9136 |
||
| 650 |
_aLiteratura _983 |
||
| 650 |
_aPerú _935 |
||
| 700 |
_aTorres Tarazona, Luis M _931411 |
||
| 700 |
_aHuaman Quispe, Dany _931412 |
||
| 700 |
_aMontesinos Monteagudo, Marina _931413 |
||
| 942 |
_2ddc _cLIBROS |
||
| 945 |
_apjha _d2019-04-22 |
||